000 01163nam0a2200301 4500
001 RU\NLR\BIBL_A\011462795
005 20250626072012.0
010 _a978-5-906821-386
_9500
021 _aRU
_b2017-51167
_93671
035 _a(RuMoRGB)008934012
035 _a(NLR Aleph) 011462795
090 _a11811433
_c11811433
100 _a20170825d2015 |||y0rusy50 ca
101 0 _aukr
102 _aRU
105 _ay j 00zy
200 1 _aОснови термiнознавства
_eнавчальний посібник
_fН. Ф. Грозян, М. I. Навальна
210 _aСiмферополь
_c"Диайпи"
_d2015
215 _a119 с.
_d20
320 _aБиблиогр.: с. 114-119
606 1 _aУкраинский язык
_jУчебные издания для высших учебных заведений
_xТерминология
_91864018
_3RU\NLR\AUTH\661136612
686 1 _aШ141.14-93рус3-34
700 1 _aГрозян
_bН. Ф.
_gНiна Федорiвна
701 1 _aНавальна
_bМ. I.
_gМарина Iванiвна
942 _cBOOK
980 _aNB